000 00356cam a22001217a 4500
008 180718b1981 xxu||||| |||| 00| 0 eng d
082 _aT211x54 N164
100 _aNarag, A.S.
245 _aMarketing strategy for vegetable oils in India
_cby A.S. Narag
260 _aCalcutta
_bK.P. Bagchi
_c1981
300 _a154p.
650 _aOils and fats, Edible - India
999 _c349704
_d349704